000 00881cam a2200265 a 4500
001 2996250
003 PILC
005 20150112093429.0
008 930318s1993 inua 001 0 eng
010 _a 93017137
020 _a156205158X :
040 _aDLC
_cDLC
_dDLC
050 0 0 _aQA 76.76
_b.N476 1993
082 0 0 _aCSF 005.7
_bSi9 1993
100 1 _aSiyan, Karanjit,
_98608
245 1 0 _aNetWare :
_cKaranjit Siyan.
_bthe professional reference /
250 _a2nd ed.
260 _aCarmel, Ind. :
_bNew Riders Pub.,
_c1993.
300 _a1256 pages :
_billustration ;
_c23 cm.
630 0 0 _aNetWare.
_98553
650 0 _aOperating systems (Computers)
_97135
906 _a7
_bcbc
_corignew
_d1
_eocip
_f19
_gy-gencatlg
942 _2lcc
_cBK
999 _c14297
_d14297